000 00641 a2200181 4500
999 _c3486
_d3486
020 _a9780495566892
050 _aPN4181 FRE 2009
100 _aFreeley, Austin J.
_eauthor
245 _aArgumentation and debate :
_bcritical thinking for reasoned decision making /
_cAustin J. Freeley and David L. Steinberg
250 _a12th ed.
264 _aBoston
_bWadsworth Cengage Learning
_c2009
300 _a531p. :
_bill.
500 _aIncludes index
650 _aDebates and debating
_xPersuasion (Rhetoric)
650 _aCritical thinking
_xDecision making
700 _aSteingerg, David L.
_eauthor
942 _2lcc
_cBK
_e12th ed.
_h4181
_iFRE
_kPN